| 000 | 00461nam a2200169 a 4500 | ||
|---|---|---|---|
| 005 | 20210223125143.0 | ||
| 008 | 031003s1971 ag r 000 0 spa d | ||
| 035 | _aUPN01000129565 | ||
| 049 | _aCG | ||
| 050 | 4 |
_aTT877 _bB6.2 |
|
| 100 | 1 | _aBorglund, Erland | |
| 245 | 1 | 0 |
_aAdornos y objetos Ăștiles con paja y jundo / _cErland Borglund. |
| 260 |
_aBuenos Aires : _bKapelusz, _c1971. |
||
| 300 |
_a102 p. : _bil. |
||
| 650 | 4 |
_aCESTERIA _99633 |
|
| 905 | _aLibro | ||
| 999 |
_c101737 _d101737 |
||